| 000 | 01797nam a2200397 c 4500 | ||
|---|---|---|---|
| 999 |
_c129758 _d129758 |
||
| 003 | BLK | ||
| 005 | 20231211165210.0 | ||
| 008 | 180409b bul|||||r ||||||| ||bul|| | ||
| 010 | _aKNG00135501000 | ||
| 040 | _aBLK | ||
| 041 |
_aBUL _cBUL |
||
| 072 | 7 |
_2bullib _aН86 _xДетска отраслова литература Н |
|
| 080 |
_aРелигиозна литература. Учебници по вероучение (религия) _b244 _x(075.2) _z244(075.2) |
||
| 100 | 1 |
_aСкуланд, Мариан _eпърви автор _9266959 |
|
| 139 |
_aСкуланд, Мериан М. _bС 40 |
||
| 245 | 1 | 0 |
_aПътят на живота _bБиблейски уроци за деца : Уч. помагало по религия ІІ - ІV кл. _cМариан Скуланд; * Мериан М. Скуланд. |
| 250 | _a4. прераб. изд. | ||
| 257 | _aUSA | ||
| 260 |
_bФонд. Приятели на България _bАгапе България _c1999 _fСофия : ВиВеРа |
||
| 300 |
_a176 с. _bс цв. ил. _c26 см |
||
| 380 | _a3 | ||
| 500 | _aОриг. загл. Leading Little Ones To God / Marian Schoolland. - 1. изд. 1992 на изд. Булвест 2000. - Изд. на М-во на образованието и науката. - Офс. изд. УДК 244(075.2) | ||
| 650 | 4 |
_aВероучение _9150548 |
|
| 653 | _aвероучение | ||
| 653 | _aучебни помагала | ||
| 653 | _aІІ кл. - ІV кл. | ||
| 659 | _aН | ||
| 700 | 1 |
_aСкуланд, Мериан М. _e* _9321849 |
|
| 852 | _aЦб ІІ 17466 | ||
| 856 | 4 | _qpdf | |
| 856 | 4 | _qpdf | |
| 942 |
_cKNG _n0 _02 _s1 |
||
| 944 |
_aCR _c24.10.2012 _lБояна Костадинова _k30551 |
||
| 944 |
_aED _c24.01.2013 _lф / |
||
| 999 | _d129758 | ||